zpět

Detail výsledku týmu

Eden, Heřmanův Městec

Datum a čas kvízu

34 Celkem bodů Celkový počet nahraných bodů na tomto kvízu bez doplňovacích otázek.
4. Pořadí na kvízu Konečné umístění týmu na tomto kvízu.

Zaznamenané odpovědi

# Otázka Odpověď Body Výsledky
1. Čtvrt roku byli na cestě a ura... D) Velorex 1
2. V rakouském St. Pölten se na t... o losa 1
3. Při oslavě osmistého výročí ji... v Hradci Králové 1
4. Společnost China Eastern Airli... Buenos Aires 1
5. Jak se jmenuje český skokan do... Jan Štefela 0
6. Ve spolupráci s Radou Evropy j... 1C 2A 3D 4B 1
7. Co znamená maďarské slovo hétf... pondělí 0
8. Jak se na V jmenuje autonomní... Vojvodina 1
9. Která z těchto knih nebyla nap... A 1
10. Pozoruhodným jazykem je velšti... slunéčko (beruška) 0